000 00275nam a22001217a 4500
008 181022b xxu||||| |||| 00| 0 eng d
041 _aeng
080 _a320
100 _a21
101 _aSHP
245 _aCommunity Power & Political Theory
_cPolsby,N.W
942 _2udc
_cBK
999 _c50356
_d50356